Statistics for All 10k+ cities in Europe starting with C on a Map

Click here to take the quiz!

General Stats

  • This quiz has been taken 287 times
  • The average score is 45 of 684

Answers on the Map

Answers color-coded by a green-red scale on the quiz's map according to % correct below.
 

Answer Stats

CountryPopulationName% Correct
Denmark1,336,982Copenhagen
94%
Germany1,083,498Cologne
92%
Ireland125,622Cork
83%
United Kingdom356,425Cardiff
81%
Moldova532,513Chișinău
81%
Romania324,576Cluj-Napoca
71%
Spain326,039Córdoba
70%
United Kingdom388,793Coventry
70%
Italy294,298Catania
69%
Italy149,474Cagliari
68%
France72,929Calais
65%
France105,512Caen
59%
United Kingdom149,155Cambridge
59%
France73,965Cannes
59%
Spain115,439Cádiz
57%
United Kingdom87,881Chester
57%
United Kingdom37,657Chester-le-Street
57%
Germany244,401Chemnitz
52%
United Kingdom140,027Colchester
52%
Romania283,872Constanța
52%
Belgium201,837Charleroi
49%
Germany17,053Cham
45%
Switzerland17,042Cham
45%
United Kingdom74,536Carlisle
44%
Italy11,930Castel d'Azzano
44%
Poland61,135Chełm
42%
France79,144Cherbourg-en-Cotentin
41%
Portugal105,190Coimbra
41%
Italy84,808Como
41%
France10,183Clermont
40%
Spain216,108Cartagena
39%
Germany98,693Cottbus
38%
United Kingdom64,495Canterbury
37%
United Kingdom116,819Cheltenham
35%
Romania269,506Craiova
35%
Spain11,100Castelló d'Empúries
34%
United Kingdom119,468Chelmsford
34%
United Kingdom89,466Chesterfield
34%
Ukraine285,234Chernihiv
32%
Czechia31,920Cheb
30%
France68,703Colmar
30%
France146,734Clermont-Ferrand
29%
Italy71,523Cremona
29%
Poland217,530Częstochowa
29%
Spain174,264Castellón de la Plana
28%
United Kingdom31,881Chichester
28%
Greece24,838Corfu City
28%
Italy10,518Cori
28%
Greece53,910Chanía
27%
Switzerland36,336Chur
27%
United Kingdom111,983Crawley
26%
Italy86,590Catanzaro
25%
Czechia94,229České Budějovice
24%
Russia495,810Cheboksary
24%
Ukraine272,651Cherkasy
24%
Italy60,112Crotone
24%
Germany69,399Celle
23%
Ukraine265,471Chernivtsi
22%
Italy65,197Cosenza
22%
Germany48,326Cuxhaven
22%
Spain96,255Cáceres
21%
United Kingdom75,002Crewe
21%
France46,513Carcassonne
20%
France58,833Chambéry
20%
Poland106,846Chorzów
20%
Greece30,176Corinth
20%
Italy97,254Cesena
19%
Germany40,842Coburg
19%
Spain13,312Campo de Criptana
18%
Turkey288,692Çorlu
18%
Italy72,569Carpi
17%
Slovenia37,392Celje
17%
Spain75,504Ciudad Real
17%
Spain54,621Cuenca
17%
Italy59,425Caltanissetta
16%
Italy60,685Carrara
16%
Italy73,398Caserta
16%
Greece26,850Chios Town
16%
Italy21,662Colle di Val d'Elsa
16%
United Kingdom62,042Corby
16%
Italy18,100Ciriè
15%
France38,426Chartres
14%
Russia312,091Cherepovets
14%
United Kingdom57,078Christchurch
14%
United Kingdom17,019Cirencester
14%
France92,265Créteil
14%
Italy55,980Cuneo
14%
United Kingdom80,596Chatham
13%
United Kingdom16,260Carmarthen
12%
Italy50,774Cava de' Tirreni
12%
Czechia12,788Český Krumlov
12%
Russia123,148Cherkessk
12%
Italy51,548Civitavecchia
12%
United Kingdom42,238Caerphilly
11%
United Kingdom22,770Camborne
11%
Italy47,849Campobasso
11%
Montenegro13,918Cetinje
11%
France44,810Chalon-sur-Saône
11%
United Kingdom35,321Chippenham
11%
United Kingdom14,724Cowes
11%
United Kingdom71,020Craigavon
11%
Serbia73,331Čačak
10%
Germany23,716Calw
10%
United Kingdom27,540Carrickfergus
10%
Spain67,460Castelldefels
10%
Germany73,126Castrop-Rauxel
10%
France66,322Cergy
10%
Poland19,205Chełmno
10%
Italy50,008Chieti
10%
United Kingdom39,307Chorley
10%
Germany36,182Coesfeld
10%
France44,246Châlons-en-Champagne
9%
Italy38,409Città di Castello
9%
United Kingdom53,661Clacton-on-Sea
9%
United Kingdom38,372Cleethorpes
9%
Germany35,966Cloppenburg
9%
United Kingdom43,770Coatbridge
9%
United Kingdom25,490Coleraine
9%
United Kingdom12,120Cowdenbeath
9%
United Kingdom48,890Cwmbran
9%
United Kingdom10,099Caernarfon
8%
Romania65,181Călărași
8%
Moldova10,708Călărași
8%
Spain51,710Calvià
8%
United Kingdom71,228Cannock
8%
Italy10,673Cave
8%
United Kingdom12,376Chepstow
8%
United Kingdom25,620Clydebank
8%
Spain89,936Cornellà de Llobregat
8%
Portugal12,780Costa da Caparica
8%
United Kingdom49,800Cumbernauld
8%
United Kingdom30,070Cambuslang
7%
Italy46,270Campi Bisenzio
7%
Ireland14,473Carlow
7%
Spain10,410Cassà de la Selva
7%
Italy36,041Cassino
7%
United Kingdom44,209Castleford
7%
Netherlands21,795Castricum
7%
Greece59,125Chalcis
7%
France46,391Charleville-Mézières
7%
Czechia48,349Chomutov
7%
France62,485Clichy
7%
France28,992Clichy-sous-Bois
7%
Netherlands17,665Cuijk
7%
United Kingdom39,996Camberley
6%
United Kingdom11,270Carnoustie
6%
Italy14,644Castellammare del Golfo
6%
Italy63,824Castellammare di Stabia
6%
Spain32,270Castro-Urdiales
6%
Turkey125,461Çerkezköy
6%
France43,442Châteauroux
6%
Spain85,150Chiclana de la Frontera
6%
France54,186Cholet
6%
Spain30,588Ciutadella de Menorca
6%
United Kingdom37,661Coalville
6%
Italy12,166Colli al Metauro
6%
United Kingdom18,630Colne
6%
United Kingdom28,468Colwyn Bay
6%
Germany34,661Crailsheim
6%
United Kingdom27,488Cramlington
6%
Italy34,242Crema
6%
France51,411Cagnes-sur-Mer
5%
Spain20,092Calatayud
5%
Spain23,326Calp
5%
France32,501Cambrai
5%
United Kingdom38,874Canvey Island
5%
United Kingdom13,580Carluke
5%
Italy74,416Casoria
5%
Portugal33,450Castelo Branco
5%
United Kingdom23,652Caterham
5%
Italy13,994Cefalù
5%
Spain57,855Cerdanyola del Vallès
5%
Czechia24,069Český Těšín
5%
France11,001Chantilly
5%
United Kingdom14,077Cheadle
5%
United Kingdom11,253Cheadle
5%
United Kingdom23,913Chesham
5%
Italy48,130Chioggia
5%
Poland33,981Cieszyn
5%
United Kingdom21,141Clevedon
5%
Netherlands13,745Coevorden
5%
France40,542Compiègne
5%
Italy34,681Conegliano
5%
Italy74,850Corigliano-Rossano
5%
Spain81,391Coslada
5%
Germany20,694Coswig
5%
Germany11,521Coswig (Anhalt)
5%
France82,198Courbevoie
5%
United Kingdom49,814Crosby
5%
Netherlands27,185Culemborg
5%
France19,907Cahors
4%
Croatia15,147Čakovec
4%
United Kingdom18,571Calne
4%
United Kingdom10,544Cambourne
4%
Spain34,734Cambrils
4%
Romania32,935Câmpina
4%
Spain11,283Campos
4%
Italy13,157Capo d'Orlando
4%
United Kingdom50,957Carlton (Gedling)
4%
Spain11,030Castell-Platja d'Aro
4%
France41,795Castres
4%
Bosnia and Herzegovina13,863Cazin
4%
Hungary35,545Cegléd
4%
Italy55,036Cerignola
4%
Czechia37,361Česká Lípa
4%
France31,733Châtellerault
4%
France21,990Chaumont
4%
United Kingdom47,072Cheshunt
4%
United Kingdom11,129Chigwell
4%
Poland39,647Chojnice
4%
Italy73,537Cinisello Balsamo
4%
Italy20,018Cittadella
4%
Germany14,844Clausthal-Zellerfeld
4%
Ireland14,257Clonmel
4%
United Kingdom19,208Cobham (Elmbridge)
4%
Spain22,673Coín
4%
Spain64,378Collado Villalba
4%
Spain51,938Colmenar Viejo
4%
France86,052Colombes
4%
Spain22,775Conil de la Frontera
4%
United Kingdom26,046Consett
4%
Italy10,694Corleone
4%
United Kingdom14,037Corsham
4%
Belgium10,599Court-Saint-Étienne
4%
Switzerland10,218Crans-Montana
4%
United Kingdom21,820Crowborough
4%
Hungary16,010Csongrád
4%
Slovakia23,702Čadca
3%
Spain24,531Calahorra
3%
Italy35,758Caltagirone
3%
Italy16,837Campagna
3%
Spain26,582Cangas
3%
Spain12,124Cangas del Narcea
3%
Italy34,990Canicattì
3%
Italy39,513Cantù
3%
Italy16,170Caravaggio
3%
Spain28,834Carmona
3%
Switzerland22,536Carouge
3%
Italy21,471Casal di Principe
3%
Italy14,712Castiglione del Lago
3%
Italy23,313Castiglione delle Stiviere
3%
Italy13,051Castiglion Fiorentino
3%
Italy26,084Cesenatico
3%
Latvia14,842Cēsis
3%
United Kingdom13,879Chard
3%
France37,010Châtillon
3%
United Kingdom10,926Chatteris
3%
Portugal21,210Chaves
3%
Italy27,314Chiavari
3%
Italy35,912Chieri
3%
Russia58,771Chistopol
3%
Spain15,414Chiva
3%
Czechia23,140Chrudim
3%
Poland36,118Chrzanów
3%
Poland43,883Ciechanów
3%
Poland10,534Ciechocinek
3%
Spain35,283Cieza
3%
Italy10,991Cividale del Friuli
3%
Italy41,989Civitanova Marche
3%
United Kingdom22,749Clifton (City of Nottingham)
3%
Moldova20,113Comrat
3%
United Kingdom26,611Congleton
3%
United Kingdom12,250Cookstown
3%
Spain12,366Coria
3%
Spain30,908Coria del Río
3%
Germany18,167Crimmitschau
3%
United Kingdom15,098Crowthorne
3%
Poland35,839Czechowice-Dziedzice
3%
Poland31,039Czeladź
3%
Poland27,888Czerwionka-Leszczyny
3%
Spain20,347Cabra
2%
Italy36,781Caivano
2%
Romania17,336Calafat
2%
Spain27,601Calafell
2%
Portugal27,790Caldas da Rainha
2%
Spain17,812Caldes de Montbui
2%
United Kingdom11,746Caldicot
2%
Spain19,277Calella
2%
Portugal13,960Câmara de Lobos
2%
Spain30,320Camargo
2%
Spain27,560Camas
2%
Italy10,714Cameri
2%
Spain14,865Canet de Mar
2%
France12,186Canet-en-Roussillon
2%
Italy28,570Canosa di Puglia
2%
Italy11,383Caorle
2%
Italy11,571Capaci
2%
Italy17,838Capua
2%
Spain25,688Caravaca de la Cruz
2%
Spain31,429Carballo
2%
Italy26,472Carbonia
2%
Romania21,112Carei
2%
France10,084Carentan-les-Marais
2%
Italy38,797Carini
2%
France28,798Carpentras
2%
Italy33,213Casale Monferrato
2%
Italy12,912Casale sul Sile
2%
Czechia10,350Čáslav
2%
Spain10,026Caspe
2%
Italy16,670Cassano all'Ionio
2%
Italy18,834Cassano d'Adda
2%
Italy14,628Cassano delle Murge
2%
Italy21,130Cassano Magnago
2%
Italy13,901Cassina de' Pecchi
2%
Italy13,213Castelfranco di Sotto
2%
Italy32,763Castelfranco Emilia
2%
Italy33,473Castelfranco Veneto
2%
Italy30,280Castelvetrano
2%
Italy26,972Castel Volturno
2%
Ireland11,087Castlebar
2%
Turkey47,162Çatalca
2%
United Kingdom12,565Catterick Garrison
2%
Italy16,802Cattolica
2%
France26,198Cavaillon
2%
Italy13,139Cavarzere
2%
Moldova16,605Ceadîr-Lunga
2%
Spain14,769Cehegín
2%
Czechia12,293Čelákovice
2%
Romania17,022Cernavodă
2%
Italy34,800Cernusco sul Naviglio
2%
Italy37,482Cerveteri
2%
Italy28,521Cervia
2%
Italy13,523Cervignano del Friuli
2%
Italy38,011Cesano Maderno
2%
Czechia15,267Česká Třebová
2%
United Kingdom36,532Chadderton
2%
Greece74,192Chalandri
2%
France10,174Chambly
2%
France77,039Champigny-sur-Marne
2%
Russia70,944Chapayevsk
2%
United Kingdom22,129Chapeltown
2%
France12,011Châteaubriant
2%
France13,078Châteaudun
2%
France15,351Château-Thierry
2%
Russia81,855Chaykovsky
2%
Russia71,077Chekhov
2%
France55,148Chelles
2%
Poland14,362Chełmża
2%
Russia35,375Chernyakhovsk
2%
United Kingdom15,356Chertsey
2%
Ukraine65,180Chervonohrad
2%
France11,160Chevigny-Saint-Sauveur
2%
Spain19,246Chipiona
2%
Czechia13,089Chodov
2%
Poland18,229Chodzież
2%
United Kingdom13,510Chorleywood
2%
Ukraine58,524Chornomorsk (Illichivsk)
2%
Poland14,998Choszczno
2%
Ukraine31,575Chuhuiv
2%
Italy38,307Ciampino
2%
Spain25,104Ciempozuelos
2%
Italy11,894Cinisi
2%
Spain12,261Ciudad Rodrigo
2%
Italy15,443Civita Castellana
2%
France52,926Clamart
2%
United Kingdom11,924Cleckheaton
2%
United Kingdom17,091Clitheroe
2%
Italy15,240Codogno
2%
Italy16,069Codroipo
2%
United Kingdom12,121Codsall
2%
France18,628Cognac
2%
France11,556Cogolin
2%
Italy20,728Colleferro
2%
Italy49,099Collegno
2%
Italy10,999Cologno al Serio
2%
Italy46,687Cologno Monzese
2%
France39,097Colomiers
2%
Italy21,709Comacchio
2%
Italy30,202Comiso
2%
France19,502Concarneau
2%
Italy10,252Concordia Sagittaria
2%
France35,656Conflans-Sainte-Honorine
2%
United Kingdom15,955Conisbrough
2%
Italy47,360Corato
2%
Italy11,766Cornedo Vicentino
2%
Italy21,395Cortona
2%
United Kingdom23,370Coseley
2%
Romania10,114Covasna
2%
Portugal31,950Covilhã
2%
United Kingdom10,793Cranleigh
2%
France35,800Creil
2%
Germany12,996Cremlingen
2%
France13,070Creutzwald
2%
Spain29,536Crevillent
2%
France21,087Croix
2%
Hungary10,105Csorna
2%
Spain15,770Cubelles
2%
United Kingdom12,833Cudworth
2%
France11,560Cuers
2%
Spain14,455Cuevas del Almanzora
2%
Spain22,521Cullera
2%
Spain30,685Culleredo
2%
Spain13,533Cunit
2%
Poland10,464Czarnków
2%
Poland13,479Człuchów
2%
Spain10,657Cabanillas del Campo
1%
France10,235Cabestany
1%
Germany11,257Cadolzburg
1%
Italy16,042Cadoneghe
1%
Moldova28,763Cahul
1%
Italy12,664Cairo Montenotte
1%
Romania11,279Călan
1%
Spain10,133Calasparra
1%
Italy13,404Calderara di Reno
1%
Italy11,280Caldogno
1%
Italy18,094Calenzano
1%
Spain19,127Callosa de Segura
1%
Spain11,331Calonge i Sant Antoni
1%
France42,847Caluire-et-Cuire
1%
Italy31,521Camaiore
1%
Spain13,721Cambados
1%
Spain24,594Cambre
1%
Italy11,165Camisano Vicentino
1%
Italy12,693Campiglia Marittima
1%
Italy11,470Campobello di Mazara
1%
Italy14,764Campodarsego
1%
Italy11,819Camposampiero
1%
Romania31,767Câmpulung
1%
Romania16,722Câmpulung Moldovenesc
1%
Spain13,516Canals
1%
Italy12,471Canegrate
1%
Italy10,165Canelli
1%
Portugal20,800Caniço
1%
France14,244Canteleu
1%
Spain10,736Cantillana
1%
Spain12,158Capdepera
1%
Italy22,435Capoterra
1%
Romania30,954Caracal
1%
Romania24,689Caransebeș
1%
Italy17,562Carate Brianza
1%
Italy11,284Carbonera
1%
Spain20,436Carcaixent
1%
Italy14,443Cardano al Campo
1%
Spain18,424Cardedeu
1%
Italy21,800Cardito
1%
Italy16,864Carlentini
1%
Spain15,740Carlet
1%
Italy28,342Carmagnola
1%
Italy11,641Carmiano
1%
Italy14,714Carmignano
1%
Italy17,940Caronno Pertusella
1%
Italy16,903Carovigno
1%
Italy12,877Carpenedolo
1%
France20,032Carquefou
1%
France16,248Carrières-sous-Poissy
1%
France15,003Carrières-sur-Seine
1%
France12,489Carros
1%
Spain26,738Cártama
1%
Portugal10,600Cartaxo
1%
Spain20,083Cartaya
1%
United Kingdom16,958Carterton
1%
Italy15,539Carugate
1%
France17,399Carvin
1%
Italy35,956Casalecchio di Reno
1%
Italy18,924Casalgrande
1%
Italy15,127Casalmaggiore
1%
Italy15,058Casalpusterlengo
1%
Italy19,577Casarano
1%
Italy12,954Casatenovo
1%
Italy44,565Cascina
1%
Italy13,814Caselle Torinese
1%
Italy11,274Casier
1%
Italy14,932Cassola
1%
Spain10,461Castalla
1%
France13,811Castanet-Tolosan
1%
Italy10,937Castano Primo
1%
Italy11,543Casteldaccia
1%
Italy18,317Castelfidardo
1%
France10,734Castelginest
1%
Italy12,540Castel Goffredo
1%
Italy19,174Castellana Grotte
1%
Italy16,284Castellaneta
1%
Italy14,317Castellanza
1%
Spain24,488Castellar del Vallès
1%
Spain12,539Castellbisbal
1%
Italy10,848Castel Mella
1%
France11,951Castelnaudary
1%
France21,838Castelnau-le-Lez
1%
Italy13,243Castelnuovo del Garda
1%
Italy15,046Castelnuovo Rangone
1%
Italy13,709Castel San Giovanni
1%
France13,934Castelsarrasin
1%
Spain17,516Castilleja de la Cuesta
1%
Spain22,273Castrillón
1%
Italy21,507Castrovillari
1%
Spain28,608Catarroja
1%
France10,156Caudebec-lès-Elbeuf
1%
Spain10,005Caudete
1%
France14,487Caudry
1%
Moldova15,939Căușeni
1%
Italy12,649Cavallino
1%
Italy13,445Cavallino-Treporti
1%
Italy10,928Cazzago San Martino
1%
Italy22,310Ceccano
1%
Italy27,850Cecina
1%
Italy19,038Ceglie Messapica
1%
Hungary10,555Celldömölk
1%
France25,292Cenon
1%
Italy35,296Cento
1%
Italy16,921Cercola
1%
France11,326Cernay
1%
Italy15,065Cerro Maggiore
1%
Italy23,168Cesano Boscone
1%
Italy14,291Cesate
1%
France10,625Cesson
1%
France17,312Cesson-Sévigné
1%
France16,936Cestas
1%
Spain12,007Ceutí
1%
Greece45,642Chaidari
1%
France12,790Châlette-sur-Loing
1%
France20,898Challans
1%
France17,210Chamalières
1%
France11,738Chambray-lès-Tours
1%
France25,610Champs-sur-Marne
1%
France10,341Chanteloup-les-Vignes
1%
France10,458Chantepie
1%
Belgium14,735Chapelle-lez-Herlaimont
1%
France30,053Charenton-le-Pont
1%
France10,029Charvieu-Chavagneux
1%
Ukraine12,557Chasiv Yar
1%
France10,498Chassieu
1%
France10,125Châteaugiron
1%
France16,913Château-Gontier-sur-Mayenne
1%
France17,425Châteauneuf-les-Martigues
1%
France16,012Châteaurenard
1%
Belgium35,567Châtelet
1%
France30,330Chatou
1%
Belgium20,807Chaudfontaine
1%
Belgium11,630Chaumont-Gistoux
1%
France11,773Chauny
1%
France20,702Chaville
1%
France20,985Chemillé-en-Anjou
1%
Switzerland12,621Chêne-Bougeries
1%
France14,216Chenôve
1%
Russia33,308Chernushka
1%
Ukraine15,273Chervonopartyzansk (Voznesenivka)
1%
Romania14,259Chiajna
1%
Italy12,502Chiampo
1%
Italy19,087Chiari
1%
Russia22,417Chishmy
1%
Italy26,608Chivasso
1%
France46,154Choisy-le-Roi
1%
Poland13,236Chojnów
1%
Greece30,840Cholargós
1%
Russia11,092Chornomorske
1%
Ukraine28,393Chortkiv
1%
Russia43,299Chusovoy
1%
Moldova10,479Cimișlia
1%
United Kingdom11,399Cinderford
1%
Belgium16,822Ciney
1%
Italy14,277Cirò Marina
1%
Italy10,193Cislago
1%
Italy35,506Cisterna di Latina
1%
Italy11,244Cisternino
1%
Italy14,829Città Sant'Angelo
1%
United Kingdom13,596Clay Cross
1%
United Kingdom10,760Cleveleys
1%
France16,996Cluses
1%
Spain11,520Cocentaina
1%
Belgium20,693Colfontaine
1%
Italy14,591Collecchio
1%
Italy16,385Collesalvetti
1%
Romania19,568Comănești
1%
France21,811Combs-la-Ville
1%
France12,498Comines
1%
Belgium18,090Comines-Warneton
1%
Italy15,537Concesio
1%
Italy15,643Concorezzo
1%
United Kingdom16,834Connah's Quay
1%
Italy25,813Conversano
1%
Italy23,278Copertino
1%
Romania16,441Corabia
1%
France11,108Corbas
1%
France50,954Corbeil-Essonnes
1%
Spain14,882Corbera de Llobregat
1%
Italy18,551Corbetta
1%
Italy20,205Cormano
1%
France24,681Cormeilles-en-Parisis
1%
Italy20,100Cornaredo
1%
Italy10,610Cornate d'Adda
1%
Italy25,033Correggio
1%
Italy33,321Corsico
1%
United Kingdom15,141Cottingham
1%
France20,925Coudekerque-Branche
1%
France21,862Couëron
1%
France14,757Coulommiers
1%
Belgium31,053Courcelles
1%
France20,157Cournon-d'Auvergne
1%
France10,544Courrières
1%
Belgium13,800Couvin
1%
France11,125Craponne
1%
Italy11,260Creazzo
1%
France14,796Crépy-en-Valois
1%
Italy13,193Crispiano
1%
Spain13,450Cuarte de Huerva
1%
Romania21,376Cugir
1%
France18,267Cugnaux
1%
Romania27,359Curtea de Argeș
1%
Italy18,311Cusano Milanino
1%
France12,685Cusset
1%
France30,884Cachan
0%
Italy10,698Cadelbosco di Sopra
0%
Italy12,623Calcinaia
0%
Italy12,810Calcinato
0%
Romania10,872Călinești
0%
Italy13,580Calolziocorte
0%
Italy12,255Calvizzano
0%
Italy11,186Campagnano di Roma
0%
Romania22,223Câmpia Turzii
0%
Italy10,717Campolongo Maggiore
0%
Italy13,158Camponogara
0%
Spain16,829Canovelles
0%
Italy23,142Capaccio Paestum
0%
Italy45,196Capannori
0%
Italy10,692Capena
0%
Italy10,104Capodrise
0%
Italy15,226Capurso
0%
Spain10,301Carreño
0%
Italy13,285Casagiove
0%
Italy47,261Casalnuovo di Napoli
0%
Italy19,325Casamassima
0%
Italy13,515Casandrino
0%
Italy18,428Casavatore
0%
Italy12,330Casciana Terme Lari
0%
Italy17,279Castelfiorentino
0%
Italy15,316Castellarano
0%
Italy10,169Castelli Calepio
0%
Italy18,529Castel Maggiore
0%
Italy10,384Castelnovo ne' Monti
0%
Italy13,456Castel San Giorgio
0%
Italy20,768Castel San Pietro Terme
0%
Italy11,209Castelvetro di Modena
0%
Italy15,801Castenaso
0%
Italy11,386Castenedolo
0%
United Kingdom10,787Catshill
0%
Italy10,474Celano
0%
Italy10,777Cepagatti
0%
Italy16,640Cerea
0%
Romania10,886Cernica
0%
Italy10,744Cerreto Guidi
0%
Italy15,690Certaldo
0%
United Kingdom10,481Chadwell St Mary
0%
Russia11,674Chaplygin
0%
France34,170Châtenay-Malabry
0%
Belarus10,289Chavusy
0%
United Kingdom25,282Cheadle Hulme
0%
Russia18,542Chegem
0%
France18,142Chennevières-sur-Marne
0%
Russia11,132Cherdakly
0%
Russia20,638Chernogolovka
0%
Russia14,883Chernyanka
0%
Bulgaria10,961Cherven Bryag
0%
Belarus10,734Chervyen
0%
France19,863Chevilly-Larue
0%
Italy14,557Chiaravalle
0%
France19,858Chilly-Mazarin
0%
Bulgaria13,687Chirpan
0%
Romania14,184Chitila
0%
Russia11,193Chkalovsk
0%
Russia13,764Chudovo
0%
United Kingdom14,361Church Village
0%
Spain15,689Churriana de la Vega
0%
Italy12,517Cicciano
0%
Romania14,282Cisnădie
0%
Romania11,640Ciurea
0%
France12,264Claye-Souilly
0%
Italy11,398Codigoro
0%
Romania21,708Codlea
0%
Moldova15,934Codru
0%
Romania11,970Comarnic
0%
Italy15,750Copparo
0%
Italy21,210Corciano
0%
Italy17,726Cordenons
0%
Italy10,474Coriano
0%
Italy15,020Corridonia
0%
Spain15,525Corvera de Asturias
0%
Italy14,149Cossato
0%
Romania10,375Costești
0%
Italy13,693Crevalcore
0%
Moldova10,669Cricova
0%
Italy11,958Crispano
0%
Romania12,333Cumpăna
0%
Serbia19,471Ćuprija
0%
Italy14,715Curtatone
0%

Score Distribution

Percentile by Number Answered

Percent of People with Each Score

Your Score History

You have not taken this quiz